• 首页
  • 本馆介绍
  • 公告通知
  • 最新文献
  • 馆藏检索
  • 电子资源
  • 读者导购
  • 参考咨询
  • 我的图书馆
  • 登录
  • 详细信息显示
  • 放入我的书架
  • 预约/预借图书
  • 作者相关作品
  • 分类相关作品
  • 丛书相关作品
  • 出版社相关作品

书目信息

  • 表格格式
  • 工作单格式
  • 卡片格式
题名:
全球变化驱动下华南沿海地质灾害风险
    
 
作者: 朱照宇 著
分册:  
出版信息: 广州   广东科技出版社  2018.04
页数: 379页
开本: 30cm
丛书名:
单 册:
中图分类: P694
科图分类:
主题词: 沿海--yan hai--地区--地质灾害--风险管理--研究--华南地区
电子资源:
ISBN: 978-7-5359-6928-6
000 01158nam0 2200265 450
001 CAL 0120182478503
005 20230217093111.0
010    @a978-7-5359-6928-6@b精装@dCNY480.00
100    @a20180529d2018 em y0chiy0120 ea
101 0  @achi
102    @aCN@b440000
105    @aabk a 000yy
106    @ar
200 1  @a全球变化驱动下华南沿海地质灾害风险@Aquan qiu bian hua qu dong xia hua nan yan hai di zhi zai hai feng xian@f朱照宇等著
210    @a广州@c广东科技出版社@d2018.04
215    @a379页@c彩图, 地图@d30cm
300    @a广东省重点出版物扶持项目 广东省优秀科技专著出版基金项目 广东省优秀科技专著出版基金会推荐并资助出版
306    @a广东省优秀科技专著出版基金会推荐并资助出版
320    @a有书目 (第355-373页)
330    @a本书作者通过近20年的科学研究和技术创新研究, 对全球变化与表生地质环境和地质灾害的风险性进行了深入的理论研究和实际操作研究。主要从研究思路和观点的创新、应用基础和新技术的研究、实施应用研究几个方面取得了创新性成果。
606 0  @a沿海@Ayan hai@x地区@x地质灾害@x风险管理@x研究@y华南地区
690    @aP694@v5
701  0 @a朱照宇@Azhu zhao yu@4著
801  0 @aCN@bBJXHZP@c20230228
905    @b1385780-1@dP694@e169@f2
    
    全球变化驱动下华南沿海地质灾害风险/朱照宇等著.-广州:广东科技出版社,2018.04
    379页:彩图, 地图;30cm
    广东省重点出版物扶持项目 广东省优秀科技专著出版基金项目 广东省优秀科技专著出版基金会推荐并资助出版
    
    ISBN 978-7-5359-6928-6(精装):CNY480.00
    本书作者通过近20年的科学研究和技术创新研究, 对全球变化与表生地质环境和地质灾害的风险性进行了深入的理论研究和实际操作研究。主要从研究思路和观点的创新、应用基础和新技术的研究、实施应用研究几个方面取得了创新性成果。
●
相关链接 在E读中查询图书 在五车中查询图书 在当当中查询图书 在豆瓣中查询图书


正题名:全球变化驱动下华南沿海地质灾害风险     索取号:P694/169         预约/预借

序号 登录号 条形码 馆藏地/架位号 状态 备注
1 1385780   213857806   第二样本阅览室/ [索取号:P694/169] 在馆    
2 1385781   213857815   第三借阅区/ [索取号:P694/169] 在馆    
唐山师范学院图书馆 欢迎您!
大连网信软件有限公司© 版权所有